Detalles MARC
| 000 -LIDER |
| fixed length control field |
01042nam a22003377a 4500 |
| 001 - NÚMERO DE CONTROL |
| Identificador de número de control |
8624 |
| 003 - IDENTIFICACDOR DE NÚMERO DE CONTROL |
| control field |
DO-SdBPM |
| 005 - DATE AND TIME OF LATEST TRANSACTION |
| control field |
20250604102207.0 |
| 007 - CAMPOS FIJOS DE DESCRIPCIÓN FÍSICA |
| fixed length control field |
8624 |
| 008 - ELEMENTOS DE LONGITUD FIJA |
| fixed length control field |
060308s1999 sp| | ||spa |
| 020 ## - ISBN |
| International Standard Book Number |
8481301396 |
| 040 ## - FUENTE DE CATALOGACIÓN |
| Agencia que crea de manera original el registro |
DO-SdBPM |
| Idioma de catalogación |
spa |
| Agencia que realiza la transcripción |
BPMSU |
| 082 #4 - NÚMERO DE CLASIFICACIÓN DECIMAL DE DEWEY |
| Classification number |
862.31 |
| Item number |
F422f 1999 |
| Edition number |
22 |
| 100 1# - ASIENTO PRINCIPAL -- NOMBRE PERSONAL |
| Nombre personal |
Vega, Lope de |
| Fechas asociadas con el nombre |
1562-1635 |
| 240 10 - TITULO UNIFORME |
| Título uniforme |
Fuenteovejuna |
| Idioma de una obra |
Italiano-Español |
| 245 10 - MENCIÓN DE TITULO |
| Título |
Fuente ovejuna / |
| Mención de responsabilidad |
Lope de Vega ; prólogo Antonio Gala ; edición Francisco López Estrada |
| 260 ## - PUBLICACIÓN, DISTRIBUCIÓN, ETC. (PIE DE IMPRENTA) |
| Lugar de publicación, distribución, etc |
Madrid : |
| Nombre del editor, distribuidor, etc. |
Milenium, |
| Fecha de publicación, distribución, etc |
1999 |
| 300 ## - DESCRIPCIÓN FÍSICA |
| Extensión |
120 p. ; |
| Dimensiones |
22 cm. |
| 490 0# - MENCIÓN DE SERIES |
| Mención de serie |
Milenium ; |
| -- |
Las 100 joyas de Milenium, |
| Volume/sequential designation |
24 |
| 490 ## - MENCIÓN DE SERIES |
| Mención de serie |
Biblioteca El milenium |
| 590 ## - NOTA LOCAL |
| Texto de la nota local |
Inventariado, 2025/VM |
| 650 #4 - ENCABEZAMIENTO DE MATERIA--TEMÁTICO |
| Término temático o nombre geográfico como elemento de entrada |
Teatro español |
| Subdivisión cronológica |
Siglo XVII |
| 650 #4 - ENCABEZAMIENTO DE MATERIA--TEMÁTICO |
| Término temático o nombre geográfico como elemento de entrada |
Nobleza |
| Subdivisión de forma |
Teatro |
| Subdivisión cronológica |
|
| 650 #4 - ENCABEZAMIENTO DE MATERIA--TEMÁTICO |
| Término temático o nombre geográfico como elemento de entrada |
Aristocracia |
| Subdivisión de forma |
Teatro |
| 651 ## - ENCABEZAMIENTO DE MATERIA--NOMBRE GEOGRÁFICO |
| Fuente del encabezamiento o término |
|
| Materiales especificados |
|
| 700 1# - ASIENTO SECUNDARIO -- NOMBRE PERSONAL |
| Nombre personal |
Gala, Antonio |
| Mención de responsabilidad |
prólogo |
| 700 1# - ASIENTO SECUNDARIO -- NOMBRE PERSONAL |
| Nombre personal |
López Estrada, Francisco |
| Mención de responsabilidad |
edición |
| 887 ## - NON-MARC INFORMATION FIELD |
| Source of data |
Biblioteca El milenium |
| 910 ## - VALIDACIÓN |
| Validación |
VMateo V. Control de calida. BPMSU |
| 942 ## - ADDED ENTRY ELEMENTS (KOHA) |
| Source of classification or shelving scheme |
Dewey Decimal Classification |
| Koha item type |
Libros |